Nigeria Transit (Record no. 2926)

MARC details
000 -LEADER
fixed length control field 00327nam a22001337a 4500
008 - FIXED-LENGTH DATA ELEMENTS--GENERAL INFORMATION
fixed length control field 250411b |||||||| |||| 00| 0 eng d
020 ## - INTERNATIONAL STANDARD BOOK NUMBER
ISBN 9789780856076
100 ## - MAIN ENTRY--AUTHOR
Author NIL
245 ## - TITLE STATEMENT
Title Nigeria Transit
260 ## - PUBLICATION, DISTRIBUTION, ETC. (IMPRINT)
Place of publication Abuja Nigeria
Name of publisher Kissa Communication Limited
Date of publication 2008
300 ## - COLLATION
Pagination xx, 424p.
942 ## - ADDED ENTRY ELEMENTS (KOHA)
Item type Books
050 ## - LIBRARY OF CONGRESS CALL NUMBER
Classification number JF7471
Item number .N54
Holdings
Source of classification or shelving scheme Not for loan Permanent location Current location Date acquired Accession No. Full call number Barcode. Koha item type
Library of Congress Classification   Samuel Ogbemudia Main Library, University of Abuja Samuel Ogbemudia Main Library, University of Abuja 04/11/2025 2011/41766 JF7471.N54 2025-1277 Books